000 00286nam a22001337a 4500
008 181022b xxu||||| |||| 00| 0 eng d
020 _a061316024
041 _aeng
080 _a101
100 _a24
101 _aFIL
245 _aMarx Before Marxism
_cMcLellan,D
942 _2udc
_cBK
999 _c50361
_d50361